000 00696nam a2200229 i 4500
001 31731
003 ES-MaACL
005 20250607063013.0
007 t|
008 030130s1969 sp ||||1| spa d
080 _a821.134-1-31"19"
100 1 _aBenguerel, Xavier,
_d1905-1990
_927580
245 1 0 _aGorra de plato /
_cXavier Benguerel ; [traductor Luis Carandell].
250 _a1ยช ed.
260 _aMadrid :
_bAlfaguara,
_c[1969]
300 _a308 p. ;
_c21 cm.
490 1 _aAlfaguara literaria ;
_v20
700 1 _aCarandell, Luis,
_d1929-2002
_934959
830 0 _aAlfaguara literaria ;
_v20
_9181400
852 _aES-MaACL
_jC-35429
_bR.68636
999 _c31731
_d31731